[Event "Amsterdam Chess Tournament 2005"]
[Site "Amsterdam NED"]
[Date "2005.07.18"]
[Round "3.25"]
[White "Pruijssers, Roeland"]
[Black "Senff, Martin"]
[Result "0-1"]
[WhiteElo "2261"]
[BlackElo "2467"]
[PlyCount "48"]
[EventDate "2005.07.16"]
[EventType "tourn"]
[EventRounds "9"]
[EventCountry "NED"]
[Source "lmi"]
[SourceDate "2005.07.25"]

1. e4 c5 2. Nf3 d6 3. d4 cxd4 4. Nxd4 Nf6 5. Nc3 a6 6. Bg5 e6 7. f4 Qb6 8. Qd2
Qxb2 9. Nb3 Qa3 10. Bxf6 gxf6 11. Be2 h5 12. O-O Nd7 13. Rad1 b5 14. Kh1 Bb7
15. f5 h4 16. h3 Rc8 17. fxe6 fxe6 18. Bg4 Qb4 19. Bxe6 Qxc3 20. Qf4 Qe5 21.
Qg4 Rc7 22. Nd4 Nc5 23. Rf5 Rg7 24. Qf3 Qxe4 0-1

[Event "Amsterdam Chess Tournament 2005"]
[Site "Amsterdam NED"]
[Date "2005.07.18"]
[Round "3.26"]
[White "Schoorl, Rob"]
[Black "Bosboom, Manuel"]
[Result "1/2-1/2"]
[WhiteElo "2239"]
[BlackElo "2419"]
[PlyCount "90"]
[EventDate "2005.07.16"]
[EventType "tourn"]
[EventRounds "9"]
[EventCountry "NED"]
[Source "lmi"]
[SourceDate "2005.07.25"]

1. e4 c5 2. Nf3 d6 3. d4 cxd4 4. Nxd4 Nf6 5. Nc3 a6 6. f4 e6 7. Qf3 h5 8. Bd3
Qc7 9. h3 b5 10. Be3 b4 11. Nd1 Nbd7 12. Nf2 e5 13. Nf5 Bb7 14. O-O-O g6 15.
Ng3 exf4 16. Bxf4 Be7 17. Kb1 Ne5 18. Qe3 Rc8 19. Ne2 O-O 20. Nd4 Rfe8 21. g4
d5 22. gxh5 Nxh5 23. Bh2 Bc5 24. Ng4 Qb6 25. Bxe5 Rxe5 26. Nxe5 Bxd4 27. Qg5
dxe4 28. Bc4 Bxe5 29. Bxf7+ Kxf7 30. Rd7+ Kg8 31. Qxe5 Qc6 32. Rdd1 Re8 33. Qd4
a5 34. Qe3 Ng7 35. Rhg1 Kh7 36. h4 Rf8 37. Rdf1 Rf3 38. Qg5 Qe6 39. h5 Nxh5 40.
Qxa5 Qc4 41. Rd1 Rf5 42. Qxf5 gxf5 43. Rd7+ Kh6 44. Rd6+ Kh7 45. Rd7+ Kh6
1/2-1/2

[Event "Amsterdam Chess Tournament 2005"]
[Site "Amsterdam NED"]
[Date "2005.07.18"]
[Round "3.27"]
[White "Ansell, Simon"]
[Black "Van der Plas, Rob"]
[Result "0-1"]
[WhiteElo "2407"]
[BlackElo "2209"]
[PlyCount "100"]
[EventDate "2005.07.16"]
[EventType "tourn"]
[EventRounds "9"]
[EventCountry "NED"]
[Source "lmi"]
[SourceDate "2005.07.25"]

1. e4 e6 2. d3 b5 3. Nf3 Bb7 4. Nbd2 c5 5. g3 Nf6 6. Bg2 Be7 7. a4 a6 8. e5 Nd5
9. O-O Nc6 10. Re1 O-O 11. Ne4 f5 12. Nd6 Bxd6 13. exd6 Qb8 14. c4 Nf6 15. Be3
Qxd6 16. cxb5 Nb4 17. Rc1 Rfc8 18. bxa6 Rxa6 19. d4 c4 20. Bf4 Qc6 21. Be5 Nd3
22. Bxf6 gxf6 23. Nh4 Qb6 24. Nxf5 exf5 25. Qh5 Nxe1 26. Rxe1 Qb4 27. Bxb7
Qxe1+ 28. Kg2 Rac6 29. Qxf5 Qe6 30. Qf3 d5 31. a5 R8c7 32. a6 Rxb7 33. axb7 Rb6
34. Qa3 Qe8 35. Qa8 Kf8 36. Qa3+ Kg8 37. Qa8 Qf8 38. Qc8 Rxb2 39. Qe6+ Qf7 40.
Qc8+ Qf8 41. Qe6+ Kh8 42. Qc8 Qg8 43. Qc6 Kg7 44. Qd7+ Qf7 45. Qg4+ Kf8 46.
Qc8+ Qe8 47. Qc5+ Kg7 48. Qc7+ Kg6 49. Kh3 Qe6+ 50. g4 h5 0-1

[Event "Amsterdam Chess Tournament 2005"]
[Site "Amsterdam NED"]
[Date "2005.07.18"]
[Round "3.28"]
[White "Wempe, Joost"]
[Black "Peng, Zhaoqin"]
[Result "0-1"]
[WhiteElo "2228"]
[BlackElo "2405"]
[PlyCount "66"]
[EventDate "2005.07.16"]
[EventType "tourn"]
[EventRounds "9"]
[EventCountry "NED"]
[Source "lmi"]
[SourceDate "2005.07.25"]

1. d4 Nf6 2. c4 e6 3. Nf3 b6 4. e3 Bb7 5. Bd3 d5 6. O-O Nbd7 7. cxd5 exd5 8. b3
Bd6 9. Ba3 c5 10. Nc3 O-O 11. Rc1 Re8 12. Na4 Qe7 13. Re1 Bc6 14. Nc3 a6 15.
dxc5 bxc5 16. Ne2 a5 17. Ng3 g6 18. Bb2 Rec8 19. e4 dxe4 20. Nd2 Be5 21. Bxe5
Nxe5 22. Bb1 Rd8 23. Qe2 e3 24. Qxe3 Nfg4 25. Qf4 Rd4 26. Nde4 f5 27. h3 fxe4
28. hxg4 Rf8 29. Qe3 Nxg4 30. Qe2 Qh4 31. Nf1 Rxf2 32. Qa6 Rxf1+ 33. Kxf1 Qf2#
0-1

[Event "Amsterdam Chess Tournament 2005"]
[Site "Amsterdam NED"]
[Date "2005.07.18"]
[Round "3.29"]
[White "Afek, Yochanan"]
[Black "Visser, Henk-Jan"]
[Result "1-0"]
[WhiteElo "2389"]
[BlackElo "2221"]
[PlyCount "77"]
[EventDate "2005.07.16"]
[EventType "tourn"]
[EventRounds "9"]
[EventCountry "NED"]
[Source "lmi"]
[SourceDate "2005.07.25"]

1. e4 c5 2. Nf3 d6 3. d4 cxd4 4. Nxd4 Nf6 5. Nc3 a6 6. Bc4 e6 7. Bb3 b5 8. f3
Be7 9. Be3 O-O 10. g4 Bd7 11. g5 Ne8 12. f4 b4 13. Nce2 a5 14. Ng3 Qc8 15. Qe2
Nc6 16. O-O a4 17. Bc4 Nxd4 18. Bxd4 e5 19. Be3 exf4 20. Bxf4 Ra5 21. Nf5 Bxf5
22. exf5 Qxf5 23. Qxe7 Qc5+ 24. Rf2 Qxc4 25. Re1 Qc6 26. Rfe2 Ra8 27. Qe4 Qb6+
28. Be3 Qb8 29. Bd4 Nc7 30. Qe7 Nb5 31. Bf2 Qd8 32. Qxd8 Rfxd8 33. Re4 b3 34.
axb3 axb3 35. Rb4 Rab8 36. Rxb3 Nc7 37. Bb6 Rb7 38. Re7 Rc8 39. Rxc7 1-0

[Event "Amsterdam Chess Tournament 2005"]
[Site "Amsterdam NED"]
[Date "2005.07.18"]
[Round "3.30"]
[White "Wunnink, Michael"]
[Black "Van de Oudeweetering, Arthur"]
[Result "0-1"]
[WhiteElo "2223"]
[BlackElo "2368"]
[PlyCount "94"]
[EventDate "2005.07.16"]
[EventType "tourn"]
[EventRounds "9"]
[EventCountry "NED"]
[Source "lmi"]
[SourceDate "2005.07.25"]

1. d4 d5 2. c4 c6 3. Nf3 Nf6 4. e3 g6 5. Nc3 Bg7 6. Bd3 O-O 7. O-O Bg4 8. h3
Bxf3 9. Qxf3 e6 10. Rd1 Nbd7 11. Qe2 Re8 12. Bd2 Qe7 13. Rac1 a6 14. Be1 Rad8
15. b4 e5 16. dxe5 Nxe5 17. cxd5 cxd5 18. Bc2 Nc6 19. b5 axb5 20. Nxb5 d4 21.
e4 Nxe4 22. f3 Nf6 23. Qxe7 Rxe7 24. Bh4 Rd5 25. a4 Red7 26. Bxf6 Bxf6 27. Be4
Re5 28. Bxc6 bxc6 29. Rxc6 Bg5 30. Nd6 Ra5 31. Ne4 Be3+ 32. Kf1 Kg7 33. Rc4 Rb7
34. Nc5 Rb2 35. Nd3 Ra2 36. f4 R5xa4 37. Rxa4 Rxa4 38. Ke2 Ra2+ 39. Kf3 h5 40.
g3 Rh2 41. Rb1 Rd2 42. Ne5 Bf2 43. Ke4 h4 44. Rb7 hxg3 45. Rxf7+ Kg8 46. Rf6 g2
47. Rxg6+ Kh7 0-1

[Event "Amsterdam Chess Tournament 2005"]
[Site "Amsterdam NED"]
[Date "2005.07.18"]
[Round "3.31"]
[White "Bezemer, Arno"]
[Black "De Saegher, Chris"]
[Result "1-0"]
[WhiteElo "2364"]
[BlackElo "2187"]
[PlyCount "81"]
[EventDate "2005.07.16"]
[EventType "tourn"]
[EventRounds "9"]
[EventCountry "NED"]
[Source "lmi"]
[SourceDate "2005.07.25"]

1. e4 d6 2. d4 Nf6 3. Nc3 g6 4. Bg5 Bg7 5. Qd2 c6 6. f4 O-O 7. Nf3 b5 8. Bd3
Bg4 9. e5 b4 10. Ne2 Nd5 11. O-O f6 12. exf6 exf6 13. Bh4 Nd7 14. f5 Bxf5 15.
Bxf5 gxf5 16. Ng3 f4 17. Nf5 N7b6 18. Qd3 Qd7 19. Bf2 Ne3 20. Nxe3 fxe3 21.
Bxe3 Qg4 22. Bd2 c5 23. c4 Qg6 24. Qb3 Rfe8 25. Rae1 Rxe1 26. Rxe1 Re8 27. Bxb4
cxb4 28. c5+ Kf8 29. Rxe8+ Qxe8 30. cxb6 axb6 31. Qxb4 Qe3+ 32. Kf1 Qd3+ 33.
Kf2 Ke7 34. Qa4 f5 35. Qa7+ Kf6 36. Qxb6 Qc2+ 37. Kf1 Qc1+ 38. Ke2 Qc2+ 39. Nd2
Ke6 40. Qb3+ Qxb3 41. Nxb3 1-0

[Event "Amsterdam Chess Tournament 2005"]
[Site "Amsterdam NED"]
[Date "2005.07.18"]
[Round "3.32"]
[White "Vrenegoor, Taco"]
[Black "Overeem, Marc"]
[Result "1-0"]
[WhiteElo "2349"]
[BlackElo "2199"]
[PlyCount "65"]
[EventDate "2005.07.16"]
[EventType "tourn"]
[EventRounds "9"]
[EventCountry "NED"]
[Source "lmi"]
[SourceDate "2005.07.25"]

1. e4 c6 2. d4 d5 3. Nd2 dxe4 4. Nxe4 Nd7 5. Ng5 Ngf6 6. Bd3 e6 7. N1f3 Bd6 8.
Qe2 h6 9. Ne4 Nxe4 10. Qxe4 Nf6 11. Qe2 b6 12. Bd2 Bb7 13. O-O-O Qc7 14. Ne5
O-O-O 15. f4 Nd5 16. Rhf1 Rhe8 17. Kb1 c5 18. dxc5 Bxc5 19. Bb5 Rf8 20. g3 Nf6
21. Bd3 Kb8 22. g4 Bd4 23. Rde1 Nd7 24. Nf3 Bf6 25. g5 hxg5 26. fxg5 Be7 27.
Bc3 g6 28. Bg7 Rg8 29. Be5 Bd6 30. Bxd6 Qxd6 31. Be4 Bxe4 32. Qxe4 Kc7 33. Nd4
1-0

[Event "Amsterdam Chess Tournament 2005"]
[Site "Amsterdam NED"]
[Date "2005.07.18"]
[Round "3.33"]
[White "Burg, Twan"]
[Black "Purnama, Tirta Chandra"]
[Result "1/2-1/2"]
[WhiteElo "2218"]
[BlackElo "2337"]
[PlyCount "45"]
[EventDate "2005.07.16"]
[EventType "tourn"]
[EventRounds "9"]
[EventCountry "NED"]
[Source "lmi"]
[SourceDate "2005.07.25"]

1. e4 c5 2. Nf3 d6 3. d4 cxd4 4. Nxd4 Nf6 5. Nc3 a6 6. Bg5 e6 7. f4 Nbd7 8. Qf3
Qc7 9. O-O-O b5 10. e5 Bb7 11. Qh3 dxe5 12. Nxe6 fxe6 13. Qxe6+ Be7 14. Bxf6
gxf6 15. Be2 h5 16. Nd5 Bxd5 17. Rxd5 Nb6 18. Bxh5+ Rxh5 19. Qg8+ Bf8 20. Qe6+
Be7 21. Qg8+ Bf8 22. Qe6+ Be7 23. Qg8+ 1/2-1/2

[Event "Amsterdam Chess Tournament 2005"]
[Site "Amsterdam NED"]
[Date "2005.07.18"]
[Round "3.35"]
[White "Lyell, Mark"]
[Black "Buckley, Simon T"]
[Result "1-0"]
[WhiteElo "2194"]
[BlackElo "2333"]
[PlyCount "91"]
[EventDate "2005.07.16"]
[EventType "tourn"]
[EventRounds "9"]
[EventCountry "NED"]
[Source "lmi"]
[SourceDate "2005.07.25"]

1. e4 c5 2. c3 e6 3. d4 d5 4. e5 Nc6 5. Nf3 Qb6 6. a3 Nh6 7. Bd3 Bd7 8. Bc2 Be7
9. O-O cxd4 10. cxd4 Nf5 11. Bxf5 exf5 12. Nc3 Be6 13. Ne2 h6 14. h4 g6 15. Be3
Qxb2 16. Rb1 Qxa3 17. Rxb7 Qa6 18. Rb2 Kf8 19. Qd2 Kg7 20. Rfb1 Qa5 21. Qc1
Rac8 22. Ra1 Qd8 23. Rc2 Qd7 24. Nf4 a5 25. Bd2 Bd8 26. Ra3 Na7 27. Rxc8 Nxc8
28. Bxa5 Nb6 29. Rb3 Nc4 30. Bxd8 Rxd8 31. h5 Rc8 32. hxg6 Na5 33. Rc3 Rxc3 34.
Qxc3 Nc4 35. Nh4 fxg6 36. Nhxg6 Qa4 37. Qg3 Nd2 38. Nxe6+ Kf7 39. Nh8+ Kxe6 40.
Qg6+ Ke7 41. Qd6+ Ke8 42. Qe6+ Kd8 43. Nf7+ Kc7 44. Qd6+ Kc8 45. Qd8+ Kb7 46.
Nd6+ 1-0

[Event "Amsterdam Chess Tournament 2005"]
[Site "Amsterdam NED"]
[Date "2005.07.18"]
[Round "3.37"]
[White "Halay, Taufik"]
[Black "Breivik, Lars"]
[Result "1/2-1/2"]
[WhiteElo "2320"]
[BlackElo "2217"]
[PlyCount "56"]
[EventDate "2005.07.16"]
[EventType "tourn"]
[EventRounds "9"]
[EventCountry "NED"]
[Source "lmi"]
[SourceDate "2005.07.25"]

1. d4 Nf6 2. c4 c5 3. d5 e6 4. Nc3 exd5 5. cxd5 d6 6. e4 g6 7. h3 Bg7 8. Nf3
O-O 9. Bd3 b5 10. Nxb5 Nxe4 11. Bxe4 Re8 12. Ng5 Qa5+ 13. Nc3 Bxc3+ 14. bxc3
Qxc3+ 15. Bd2 Qc4 16. Rc1 Rxe4+ 17. Nxe4 Qxe4+ 18. Kf1 Qxd5 19. Bf4 Ba6+ 20.
Kg1 Bd3 21. h4 Nc6 22. h5 g5 23. Rh3 c4 24. Bxg5 Nd4 25. Rg3 Ne2+ 26. Qxe2 Bxe2
27. Bh6+ Kh8 28. Bg7+ Kg8 1/2-1/2

[Event "Amsterdam Chess Tournament 2005"]
[Site "Amsterdam NED"]
[Date "2005.07.18"]
[Round "3.38"]
[White "Schmitz, Henk"]
[Black "Koehler, Aran"]
[Result "1-0"]
[WhiteElo "2306"]
[BlackElo "2223"]
[PlyCount "73"]
[EventDate "2005.07.16"]
[EventType "tourn"]
[EventRounds "9"]
[EventCountry "NED"]
[Source "lmi"]
[SourceDate "2005.07.25"]

1. e4 Nf6 2. d3 e5 3. Nf3 Nc6 4. g3 Bc5 5. Bg2 d6 6. c3 Bg4 7. h3 Bh5 8. O-O
Nd7 9. Nbd2 a6 10. Nc4 Ba7 11. Ne3 O-O 12. Nf5 f6 13. Be3 Bxe3 14. Nxe3 b5 15.
Qc2 Nc5 16. Nh4 Bf7 17. b4 Na4 18. a3 a5 19. Nhf5 Kh8 20. c4 axb4 21. cxb5 Nd4
22. Nxd4 exd4 23. axb4 Nc3 24. Nf5 Nxb5 25. Qb2 Rxa1 26. Rxa1 Qe8 27. Ra5 c6
28. Qa1 c5 29. Qa4 g6 30. Qxb5 gxf5 31. bxc5 fxe4 32. Qxe8 Rxe8 33. cxd6 exd3
34. d7 Rg8 35. Ra8 d2 36. Rxg8+ Bxg8 37. Bf3 1-0

[Event "Amsterdam Chess Tournament 2005"]
[Site "Amsterdam NED"]
[Date "2005.07.18"]
[Round "3.40"]
[White "Vogel, Jaap"]
[Black "Giddins, Stephen"]
[Result "1/2-1/2"]
[WhiteElo "2291"]
[BlackElo "2204"]
[PlyCount "26"]
[EventDate "2005.07.16"]
[EventType "tourn"]
[EventRounds "9"]
[EventCountry "NED"]
[Source "lmi"]
[SourceDate "2005.07.25"]

1. Nf3 Nf6 2. g3 b6 3. Bg2 Bb7 4. c4 c5 5. O-O e6 6. b3 Be7 7. Bb2 O-O 8. e3 d5
9. Qe2 Nc6 10. d3 dxc4 11. bxc4 a6 12. Nc3 Qc7 13. Rfd1 Rfd8 1/2-1/2

[Event "Amsterdam Chess Tournament 2005"]
[Site "Amsterdam NED"]
[Date "2005.07.18"]
[Round "3.41"]
[White "Drost, Peter"]
[Black "Narings, Niek"]
[Result "1/2-1/2"]
[WhiteElo "2203"]
[BlackElo "2263"]
[PlyCount "59"]
[EventDate "2005.07.16"]
[EventType "tourn"]
[EventRounds "9"]
[EventCountry "NED"]
[Source "lmi"]
[SourceDate "2005.07.25"]

1. e4 e5 2. Nf3 Nc6 3. Bb5 a6 4. Ba4 Nf6 5. O-O Be7 6. Re1 b5 7. Bb3 d6 8. c3
O-O 9. h3 Nb8 10. d4 Nbd7 11. Nbd2 Bb7 12. Bc2 Re8 13. Nf1 Bf8 14. Ng3 g6 15.
b3 Bg7 16. Bb2 d5 17. exd5 Nxd5 18. c4 bxc4 19. bxc4 N5b6 20. Bb3 exd4 21.
Rxe8+ Qxe8 22. Bxd4 Bxf3 23. gxf3 Bxd4 24. Qxd4 c5 25. Qh4 Ne5 26. Kg2 Qc6 27.
Qf4 Nbd7 28. Bc2 f5 29. Re1 Qf6 30. Qd2 1/2-1/2

[Event "Amsterdam Chess Tournament 2005"]
[Site "Amsterdam NED"]
[Date "2005.07.18"]
[Round "3.42"]
[White "Bachofner, Andreas"]
[Black "Van Eekhout, David"]
[Result "1-0"]
[WhiteElo "2177"]
[BlackElo "2240"]
[PlyCount "73"]
[EventDate "2005.07.16"]
[EventType "tourn"]
[EventRounds "9"]
[EventCountry "NED"]
[Source "lmi"]
[SourceDate "2005.07.25"]

1. e4 e5 2. Nc3 Nf6 3. Nf3 Bb4 4. Nxe5 O-O 5. Bc4 Bxc3 6. dxc3 Qe7 7. Nf3 Qxe4+
8. Qe2 d5 9. Qxe4 dxe4 10. Nd4 c6 11. Bg5 Nbd7 12. h3 h6 13. Bf4 Nb6 14. Be2
Nfd5 15. Bd2 Re8 16. c4 Ne7 17. O-O-O Nf5 18. Nxf5 Bxf5 19. Be3 Red8 20. b3 Kf8
21. a4 Ke8 22. a5 Nd7 23. Rd6 Ne5 24. Rxd8+ Kxd8 25. Rd1+ Kc7 26. Bc5 Nd7 27.
Bd6+ Kc8 28. c5 Be6 29. Rd4 f5 30. f3 exf3 31. Bxf3 g5 32. a6 Nf6 33. axb7+
Kxb7 34. Rb4+ Kc8 35. Bxc6 Nd5 36. Rd4 Nc3 37. Kb2 1-0

[Event "Amsterdam Chess Tournament 2005"]
[Site "Amsterdam NED"]
[Date "2005.07.18"]
[Round "3.43"]
[White "Bitalzadeh, Ali"]
[Black "Van Oosterom, Chiel"]
[Result "0-1"]
[WhiteElo "2317"]
[BlackElo "2197"]
[PlyCount "66"]
[EventDate "2005.07.16"]
[EventType "tourn"]
[EventRounds "9"]
[EventCountry "NED"]
[Source "lmi"]
[SourceDate "2005.07.25"]

1. Nf3 c5 2. g3 Nc6 3. Bg2 g6 4. d4 cxd4 5. Nxd4 Bg7 6. Nb3 f5 7. c4 Nf6 8. Nc3
O-O 9. O-O b6 10. e4 fxe4 11. Nxe4 Bb7 12. Bg5 Nxe4 13. Bxe4 Bxb2 14. Rb1 Bf6
15. Bh6 Rf7 16. Nc5 bxc5 17. Rxb7 Bd4 18. Qa4 Ne5 19. Kg2 e6 20. Bd2 Nxc4 21.
Qxc4 d5 22. Qa6 Qc8 23. Bf3 Rxb7 24. Bg4 Rb6 25. Qe2 Qa6 26. Qe1 e5 27. Ba5 Rf6
28. Bc7 Raf8 29. f4 Qxa2+ 30. Kh3 e4 31. Qc1 h5 32. Bd1 Qa6 33. Kg2 R6f7 0-1

[Event "Amsterdam Chess Tournament 2005"]
[Site "Amsterdam NED"]
[Date "2005.07.17"]
[Round "2.1"]
[White "Van Gool, Henk"]
[Black "Bakker, Sven"]
[Result "0-1"]
[WhiteElo "2242"]
[BlackElo "2300"]
[PlyCount "108"]
[EventDate "2005.07.16"]
[EventType "tourn"]
[EventRounds "9"]
[EventCountry "NED"]
[Source "lmi"]
[SourceDate "2005.07.25"]

1. e4 c6 2. d4 d5 3. exd5 cxd5 4. Nf3 Nc6 5. Be2 Bf5 6. O-O e6 7. c3 Bd6 8. Re1
h6 9. Nbd2 Nf6 10. Nf1 Qc7 11. Be3 Ne4 12. N3d2 O-O-O 13. f3 Nxd2 14. Qxd2 g5
15. b4 Kb8 16. a3 Bf4 17. Bd3 Ne7 18. g3 Bd6 19. Rac1 Rc8 20. Be2 Qd7 21. Bf2
h5 22. c4 dxc4 23. Bxc4 g4 24. Qe3 Nd5 25. Bxd5 exd5 26. Qb3 Be6 27. fxg4 hxg4
28. Be3 Qb5 29. Bf4 Bxf4 30. gxf4 Rxc1 31. Rxc1 Qe2 32. Qc2 Qf3 33. Qc7+ Ka8
34. Rc3 Qd1 35. Qe5 Rg8 36. f5 Bd7 37. Rc7 Bb5 38. Qf4 f6 39. Rc1 Qd3 40. Qe3
Qxf5 41. Ng3 Qd7 42. Qf4 Qe6 43. Rc2 Bd3 44. Rf2 f5 45. Qe5 Qc6 46. Qe3 Qc3 47.
Qe6 Rc8 48. Qxd5 f4 49. Nf1 Bxf1 50. Rxf1 Qe3+ 51. Kh1 f3 52. Qd7 Rg8 53. Qd5
Re8 54. Qc4 g3 0-1

[Event "Amsterdam Chess Tournament 2005"]
[Site "Amsterdam NED"]
[Date "2005.07.18"]
[Round "3.3"]
[White "Spaan, Tigran"]
[Black "Bensdorp, Marlies"]
[Result "1-0"]
[WhiteElo "2284"]
[BlackElo "2225"]
[PlyCount "81"]
[EventDate "2005.07.16"]
[EventType "tourn"]
[EventRounds "9"]
[EventCountry "NED"]
[Source "lmi"]
[SourceDate "2005.07.25"]

1. e4 e6 2. d4 d5 3. e5 c5 4. c3 Nc6 5. Nf3 Qb6 6. a3 Nh6 7. b4 cxd4 8. cxd4
Nf5 9. Bb2 Bd7 10. g4 Nh6 11. h3 f6 12. exf6 gxf6 13. Nc3 Nf7 14. Na4 Qc7 15.
Rc1 Qd6 16. Nc5 Bc8 17. Bb5 Bh6 18. Rc2 a6 19. Bxc6+ bxc6 20. Re2 Ra7 21. O-O
O-O 22. Kh1 Bg7 23. Nh4 e5 24. f4 e4 25. f5 Qg3 26. Qe1 Qxe1 27. Rfxe1 Nd6 28.
Ng2 Bh6 29. Bc1 Bxc1 30. Rxc1 Nb5 31. Nb3 Bd7 32. a4 Nd6 33. Nc5 Bc8 34. Ne3 a5
35. Rb2 axb4 36. Rxb4 Rff7 37. Rb6 Rfc7 38. Ne6 Bxe6 39. fxe6 Rxa4 40. Nxd5 Rc8
41. Ne7+ 1-0

[Event "Amsterdam Chess Tournament 2005"]
[Site "Amsterdam NED"]
[Date "2005.07.18"]
[Round "3.4"]
[White "Monteban, Martijn"]
[Black "Blanchard, Jack"]
[Result "1-0"]
[WhiteElo "2260"]
[BlackElo "2219"]
[PlyCount "59"]
[EventDate "2005.07.16"]
[EventType "tourn"]
[EventRounds "9"]
[EventCountry "NED"]
[Source "lmi"]
[SourceDate "2005.07.25"]

1. d4 d5 2. c4 c6 3. Nc3 Nf6 4. e3 Qb6 5. Qc2 Bg4 6. h3 Be6 7. Na4 Qd8 8. Nc5
Bc8 9. cxd5 Nxd5 10. Bd2 e6 11. Nf3 Be7 12. a3 Nd7 13. Nb3 a5 14. e4 N5f6 15.
Be3 Qc7 16. Rc1 a4 17. Nbd2 Qa5 18. Bd3 h6 19. O-O O-O 20. Nc4 Qd8 21. Qd2 Re8
22. Bb1 Bf8 23. Qc2 g6 24. Nfe5 Qe7 25. Nxg6 fxg6 26. e5 Nd5 27. Qxg6+ Bg7 28.
Nd6 Rd8 29. Qh7+ Kf8 30. Bxh6 1-0

[Event "Amsterdam Chess Tournament 2005"]
[Site "Amsterdam NED"]
[Date "2005.07.18"]
[Round "3.5"]
[White "Riemens, Albert"]
[Black "Slingerland, Fred"]
[Result "1/2-1/2"]
[WhiteElo "2210"]
[BlackElo "2259"]
[PlyCount "32"]
[EventDate "2005.07.16"]
[EventType "tourn"]
[EventRounds "9"]
[EventCountry "NED"]
[Source "lmi"]
[SourceDate "2005.07.25"]

1. e4 c5 2. c3 e5 3. Nf3 Nc6 4. Bc4 Nf6 5. Ng5 d5 6. exd5 Nxd5 7. Qh5 g6 8. Qf3
Qxg5 9. Bxd5 Nd8 10. O-O Qf5 11. Re1 Bg7 12. d4 cxd4 13. cxd4 Qxf3 14. Bxf3 O-O
15. dxe5 Re8 16. Nc3 Rxe5 1/2-1/2

[Event "Amsterdam Chess Tournament 2005"]
[Site "Amsterdam NED"]
[Date "2005.07.19"]
[Round "4.2"]
[White "Smeets, Jan"]
[Black "Vazquez, Renier"]
[Result "1/2-1/2"]
[WhiteElo "2537"]
[BlackElo "2496"]
[PlyCount "97"]
[EventDate "2005.07.16"]
[EventType "tourn"]
[EventRounds "9"]
[EventCountry "NED"]
[Source "lmi"]
[SourceDate "2005.07.25"]

1. e4 c5 2. Nf3 d6 3. d4 cxd4 4. Nxd4 Nf6 5. Nc3 a6 6. Be3 e5 7. Nb3 Be6 8. f3
Nbd7 9. g4 b5 10. g5 b4 11. Ne2 Nh5 12. Qd2 a5 13. Ng3 Nxg3 14. hxg3 a4 15. Nc1
Qa5 16. Nd3 d5 17. exd5 Qxd5 18. Bg2 Qb5 19. Rh4 Rb8 20. f4 Be7 21. Be4 g6 22.
Qf2 f5 23. gxf6 Bxf6 24. f5 gxf5 25. Rh6 fxe4 26. Nc5 O-O 27. Nxe6 Bg7 28. Nxf8
Rxf8 29. Qe2 Qxe2+ 30. Kxe2 Bxh6 31. Bxh6 Rc8 32. Rc1 Nf6 33. c4 bxc3 34. Rxc3
Rxc3 35. bxc3 Kf7 36. c4 Ke6 37. Be3 Ng4 38. Bc1 h5 39. Bd2 Nh2 40. Bc3 Ng4 41.
Bd2 Kf5 42. Bb4 Nf6 43. Ke3 Nd7 44. Ba5 Nc5 45. Bb4 Nd7 46. Ba5 Nf6 47. Bb4
Ng4+ 48. Ke2 Ke6 49. Bd2 1/2-1/2

[Event "Amsterdam Chess Tournament 2005"]
[Site "Amsterdam NED"]
[Date "2005.07.19"]
[Round "4.4"]
[White "Rogers, Ian"]
[Black "Timofeev, Artyom"]
[Result "1-0"]
[WhiteElo "2569"]
[BlackElo "2661"]
[PlyCount "93"]
[EventDate "2005.07.16"]
[EventType "tourn"]
[EventRounds "9"]
[EventCountry "NED"]
[Source "lmi"]
[SourceDate "2005.07.25"]

1. d4 Nf6 2. c4 g6 3. Nc3 d5 4. Nf3 Bg7 5. Bf4 O-O 6. Rc1 dxc4 7. e4 Bg4 8.
Bxc4 Nh5 9. Be3 Bxf3 10. gxf3 e5 11. dxe5 Bxe5 12. Bh6 Nc6 13. Bxf8 Qxf8 14.
Ne2 Nf4 15. Nxf4 Bxf4 16. Rc3 Ne5 17. Qb3 c6 18. Rc2 Rd8 19. Be2 b5 20. Qa3 Qe8
21. Kf1 Rd7 22. Kg2 Qd8 23. h4 h5 24. b4 Qe7 25. Qc3 Kh7 26. a3 Rd6 27. Qc5 g5
28. Rd1 Ng6 29. Rxd6 Nxh4+ 30. Kf1 Bxd6 31. Qxc6 Qe5 32. Qd5 Qf4 33. e5 Bxe5
34. Qe4+ Ng6 35. Qxf4 Nxf4 36. Bxb5 Kg6 37. a4 g4 38. fxg4 hxg4 39. Bc4 f5 40.
b5 Kf6 41. a5 Bd4 42. Rd2 Bc5 43. Rd7 Ke5 44. Bb3 Ke4 45. Rc7 Bd4 46. b6 axb6
47. a6 1-0

[Event "Amsterdam Chess Tournament 2005"]
[Site "Amsterdam NED"]
[Date "2005.07.19"]
[Round "4.8"]
[White "Sokolov, Ivan"]
[Black "Williams, Simon"]
[Result "1-0"]
[WhiteElo "2691"]
[BlackElo "2461"]
[PlyCount "69"]
[EventDate "2005.07.16"]
[EventType "tourn"]
[EventRounds "9"]
[EventCountry "NED"]
[Source "lmi"]
[SourceDate "2005.07.25"]

1. d4 e6 2. c4 f5 3. g3 Nf6 4. Bg2 Be7 5. Nh3 O-O 6. O-O d6 7. b3 e5 8. Bb2 Ng4
9. Qd2 Bf6 10. Nc3 Qe8 11. Nb5 Na6 12. f3 Nh6 13. Nf2 Nf7 14. f4 e4 15. e3 c6
16. Nc3 Nc7 17. d5 c5 18. g4 fxg4 19. Nfxe4 Bh4 20. Ng3 Nh6 21. e4 a6 22. e5
Bxg3 23. hxg3 Nf5 24. Ne4 Qg6 25. Rae1 Ne8 26. Qc3 b6 27. a4 a5 28. e6 Ra7 29.
Qd3 Re7 30. Nf2 h5 31. Be4 h4 32. gxh4 g3 33. Nh3 Qg4 34. Bxf5 Rxf5 35. Kg2 1-0

[Event "Amsterdam Chess Tournament 2005"]
[Site "Amsterdam NED"]
[Date "2005.07.19"]
[Round "4.11"]
[White "Van de Oudeweetering, Arthur"]
[Black "Huzman, Alexander"]
[Result "1/2-1/2"]
[WhiteElo "2368"]
[BlackElo "2577"]
[PlyCount "36"]
[EventDate "2005.07.16"]
[EventType "tourn"]
[EventRounds "9"]
[EventCountry "NED"]
[Source "lmi"]
[SourceDate "2005.07.25"]

1. e4 c5 2. c3 d5 3. exd5 Qxd5 4. d4 e6 5. Nf3 Nf6 6. Na3 Nc6 7. Be2 Qd8 8. O-O
cxd4 9. Nb5 Be7 10. Nbxd4 Nxd4 11. Qxd4 O-O 12. Bf4 b6 13. Qxd8 Rxd8 14. a4 Bb7
15. a5 Bd6 16. Bxd6 Rxd6 17. Rfd1 Rxd1+ 18. Bxd1 Rd8 1/2-1/2

[Event "Amsterdam Chess Tournament 2005"]
[Site "Amsterdam NED"]
[Date "2005.07.19"]
[Round "4.12"]
[White "Al Modiahki, Mohamad"]
[Black "Afek, Yochanan"]
[Result "1-0"]
[WhiteElo "2570"]
[BlackElo "2389"]
[PlyCount "73"]
[EventDate "2005.07.16"]
[EventType "tourn"]
[EventRounds "9"]
[EventCountry "NED"]
[Source "lmi"]
[SourceDate "2005.07.25"]

1. e4 c5 2. Nf3 d6 3. d4 cxd4 4. Nxd4 Nf6 5. Nc3 g6 6. g3 Nc6 7. Nde2 b6 8. Bg2
Ba6 9. a4 Bg7 10. Nb5 O-O 11. O-O Bb7 12. Re1 a6 13. Nbc3 Rc8 14. Nd5 e6 15.
Nxf6+ Qxf6 16. c3 Rfd8 17. Qb3 Ne5 18. Nf4 Nc4 19. h4 h6 20. Be3 e5 21. Nd5
Bxd5 22. exd5 b5 23. axb5 axb5 24. Qxb5 Qf5 25. Bc1 Qg4 26. b3 Rc5 27. Qb4 f5
28. bxc4 f4 29. Ra7 g5 30. Qb7 gxh4 31. Qf7+ Kh8 32. Bf3 Qg5 33. Bxf4 Qf6 34.
Qxf6 Bxf6 35. Bxh6 hxg3 36. fxg3 Rxc4 37. Rf7 1-0